Communication systems design: line-of-sight and tropo-scatter systems

Uloženo v:
Podrobná bibliografie
Hlavní autor: Panter, Philip F. (Autor)
Médium: Kniha
Jazyk:angličtina
Vydáno: Nueva York McGraw-Hill 1972
Témata:
Tagy: Přidat tag
Žádné tagy, Buďte první, kdo vytvoří štítek k tomuto záznamu!

MARC

LEADER 00000nam a2200000 a 4500
001 UCU5628
003 CL-VaPUC
008 960604e19720000US |||||||||||||||||eng|d
082 0 4 |a 621.384  |b PAN  |2 21 
100 |a Panter, Philip F.  |e author  |9 363593 
245 1 0 |a Communication systems design: line-of-sight and tropo-scatter systems 
300 |a 589 p 
942 |c BK 
945 |d 19960604 00:00:00  |a paguirre 
260 |a Nueva York  |b McGraw-Hill  |c 1972 
650 0 |a Telecomunicaciones   |9 257195 
650 0 |a Ondas de radio  |9 263255 
650 7 |a COMUNICACIONES POR MICROONDAS  |2 CL-VaPUC  |9 363594 
650 7 |a SISTEMAS DE RETRANSMISION  |2 CL-VaPUC  |9 363107 
583 |a last modification  |c 19960604 00:00:00  |k Rodrigo Vera 
999 |c 248879  |d 248877 
952 |0 0  |1 0  |4 0  |6 621_384000000000000_PAN_1972  |7 0  |8 A  |9 265798  |a BIBING  |b BIBING  |d 2019-11-19  |i 1676032  |o 621.384 PAN 1972  |p 1676032  |r 2025-01-20  |w 2019-11-19  |y BK  |k EIE